000 00469nam a22001697a 4500
999 _c41454
_d41454
003 OSt
005 20220310113555.0
008 220310b ||||| |||| 00| 0 eng d
020 _a9788195103843
040 _coclc
082 _a894.8121
_bVAR/E
100 _99014
_aVarghese, P K
245 _aEekalokam/ Dr. P K Varghese
260 _aKerala:
_bV C Books,
_c2021.
300 _a76 pages
942 _2ddc
_cBK
_h894.8121
_iVAR/E
_k894.8121
_mVAR/E